Countries Deep Purple has Visited - Statistics

General Stats
  • This quiz has been taken 35 times
  • The average score is 62 of 72
Answer Stats
Continent Country % Correct
Asia China
95%
Europe France
95%
South America Argentina
89%
Oceania Australia
89%
Europe Austria
89%
Europe Belarus
89%
South America Bolivia
89%
South America Brazil
89%
Europe Bulgaria
89%
South America Colombia
89%
Europe Denmark
89%
Europe Estonia
89%
Europe Finland
89%
Europe Germany
89%
Europe Hungary
89%
Asia Indonesia
89%
Europe Ireland
89%
Europe Italy
89%
Asia Japan
89%
Europe Lithuania
89%
Europe Luxembourg
89%
North America Mexico
89%
Europe Monaco
89%
Africa Morocco
89%
Europe Netherlands
89%
Europe Poland
89%
Europe Portugal
89%
Europe Romania
89%
Asia/ Europe Russia
89%
Asia South Korea
89%
Europe Sweden
89%
Europe Switzerland
89%
Asia Thailand
89%
Europe Ukraine
89%
Europe United Kingdom
89%
North America United States of America
89%
South America Venezuela
89%
Asia Armenia
84%
Europe Belgium
84%
North America Canada
84%
South America Chile
84%
Europe Croatia
84%
Europe Cyprus
84%
South America Ecuador
84%
Asia Georgia
84%
Asia India
84%
Asia Kazakhstan
84%
Europe Latvia
84%
Europe Malta
84%
Europe Norway
84%
South America Peru
84%
Europe Slovakia
84%
Europe Slovenia
84%
Africa South Africa
84%
Asia/ Europe Turkey
84%
South America Uruguay
84%
Europe Albania
79%
Europe Bosnia and Herzegovina
79%
Europe Greece
79%
Europe Iceland
79%
Asia Israel
79%
Asia Malaysia
79%
Oceania New Zealand
79%
Europe North Macedonia
79%
Europe Serbia
79%
Asia Singapore
79%
Europe Spain
79%
Asia Taiwan
79%
North America Costa Rica
74%
Europe Czech Republic
74%
Asia Lebanon
74%
Asia United Arab Emirates
68%
No matching quizzes found
Score Distribution
Percent of People with Each Score
Percentile by Number Answered
Your Score History
You have not taken this quiz